Theoretical base for the Kenya macro model : (Record no. 806)
[ view plain ]
| 000 -LEADER | |
|---|---|
| fixed length control field | 00853nam a22002292 4500 |
| 001 - CONTROL NUMBER | |
| control field | 0000009024 |
| 005 - DATE AND TIME OF LATEST TRANSACTION | |
| control field | 20151021151119.0 |
| 008 - FIXED-LENGTH DATA ELEMENTS--GENERAL INFORMATION | |
| fixed length control field | 080716s xx 000 0 eng d |
| 020 ## - INTERNATIONAL STANDARD BOOK NUMBER | |
| International Standard Book Number | 9966949259 : |
| Terms of availability | Donation |
| 040 ## - CATALOGING SOURCE | |
| Original cataloging agency | KABU |
| Transcribing agency | KABU |
| 245 10 - TITLE STATEMENT | |
| Title | Theoretical base for the Kenya macro model : |
| Remainder of title | the KIPPRA-Treasury macro model / |
| Statement of responsibility, etc. | Free Huizinga ... [et al]. |
| 260 ## - PUBLICATION, DISTRIBUTION, ETC. (IMPRINT) | |
| Place of publication, distribution, etc. | Nairobi : |
| Name of publisher, distributor, etc. | KIPPRA, |
| Date of publication, distribution, etc. | 2001. |
| 300 ## - PHYSICAL DESCRIPTION | |
| Extent | v, 49 p. |
| 650 #0 - SUBJECT ADDED ENTRY--TOPICAL TERM | |
| Topical term or geographic name as entry element | Macroeconomics |
| General subdivision | Econometric models |
| Geographic subdivision | Kenya. |
| -- | 0000160740 |
| 651 #0 - SUBJECT ADDED ENTRY--GEOGRAPHIC NAME | |
| Geographic name | Kenya |
| General subdivision | Economic conditions |
| -- | Econometric models |
| Chronological subdivision | 1963 -. |
| -- | 0000160741 |
| 700 1# - ADDED ENTRY--PERSONAL NAME | |
| Personal name | Huizinga, Free. |
| -- | 0000160742 |
| 908 ## - PUT COMMAND PARAMETER (RLIN) | |
| Put command parameter | 080716 |
| 950 ## - LOCAL HOLDINGS (RLIN) | |
| -- | 1 |
| Withdrawn status | Lost status | Source of classification or shelving scheme | Not for loan | Home library | Current library | Date acquired | Total Checkouts | Full call number | Barcode | Date last seen | Price effective from | Koha item type |
|---|---|---|---|---|---|---|---|---|---|---|---|---|
| Library of Congress Classification | Kabarak, Main Campus | Kabarak, Main Campus | 17/12/2015 | HC865 .T44 c. 2 | 012582 | 02/08/2024 | 17/12/2015 | General Collection | ||||
| Library of Congress Classification | Kabarak, Main Campus | Kabarak, Main Campus | 17/12/2015 | HC865 .T44 c. 3 | 24819 | 02/08/2024 | 17/12/2015 | General Collection | ||||
| Library of Congress Classification | Kabarak, Main Campus | Kabarak, Main Campus | 17/12/2015 | HC865 .T44 c. 1 | 012581 | 17/12/2015 | 17/12/2015 | Africana Collection | ||||
| Library of Congress Classification | Kabarak, Nakuru City Campus | Kabarak, Nakuru City Campus | 21/10/2015 | HC865 .T44 c. 1 | 15248 | 21/10/2015 | 21/10/2015 | General Collection | ||||
| Library of Congress Classification | Kabarak, Nakuru City Campus | Kabarak, Nakuru City Campus | 21/10/2015 | HC865 .T44 c. 2 | 15247 | 21/10/2015 | 21/10/2015 | General Collection | ||||
| Library of Congress Classification | Kabarak, Nakuru City Campus | Kabarak, Nakuru City Campus | 21/10/2015 | HC865 .T44 c. 3 | 24903 | 21/10/2015 | 21/10/2015 | General Collection |